000 01330nam a22002897a 4500
003 OSt
005 20240209174905.0
008 240209b |||||||| |||| 00| 0 eng d
022 _a2711-0966
037 _bDonación
040 _aCO-JMCR
_cCO-JMCR
_dCO-JMCR
_erda
_bspa
041 _aspa
082 _223
_a330.95
_bL92
130 _aRevista (Grandes de Colombia)
_943342
245 _aGrandes de Colombia :
_bGestión y desarrollo sostenible Colombia 2021 /
_ceditada por Yury Lozano
260 _aBogotá:
_bGrandes lideres,
_c2021
300 _a70 páginas:
_bilustraciones a color;
_c27 cm.
310 _aBimestral
490 _aGrandes de Colombia
500 _aPublicación doble cara
505 _aEncendiendo luces para prevenir la corrupción -- ASOHOSVAL; aporte para la innovación y justicia social -- La política integral de vivienda, clave de la reactivación del país -- Beneficios de acceder a vivienda propia en Colombia -- Minambiente, estamos preparando al pais desde la cultura, la conciencia ambiental para los próximos años (..)
650 _2JMCR
_aCultura y conciencia ambiental
_zColombia
_943343
650 _2JMCR
_aGrandes Lideres
_vRevista
_943344
650 _2JMCR
_aInnovación y justicia social
_zColombia
_943345
700 _aLozano, Yury
_eEditora
_943346
942 _2ddc
_cCR
999 _c30551
_d16935